01665nam a22003257a 4500999001700000003000900017008004100026040007100067082002000138100002500158245009000183260004000273300003400313500001700347505049100364650003400855650002900889650003600918650002700954650003700981650002901018650004001047650002801087650002201115650002201137650003101159942001601190945002101206952011201227  c23484d23484AR-CdUCM260122b2025    pe ||||| |||| 00| 0 spa d  aMUNICIPALIDAD PROVINCIAL DEL CUSCOcBIBLIOTECA MUNICIPAL DEL CUSCO  a307.0394 /bC24  aCama Chacón, Mario  aApuntes para la Historia de Ccatcca :bCcatcca Capital de la Espiritualidad Andina  /  aLima :bMario Cama Chacón,c2025.  a342 páginas. :c15 x 20 cm.  zpágina 342  aContenido: El pueblo de Ccatcca -- Túpac Amaru -- Creación Política del Distrito -- Costumbres y Tradiciones -- Semana Santa -- Fiestas de la Virgen del Carmen -- El Chaca Chutay -- Los Carnavales -- Agricultura -- Primeras Elecciones Municipales siglo XX -- El Gobierno Municipal -- La electrificación -- El día de la juramentación -- La conformación de Comisiones -- Chacachutay -- En educación -- Construcción de la tribuna del estadio -- Las obras que ejecutan....  aAnexamiento de Ccatcca952139  aSantu Juñunacuy952140  aDesfile Cívico Escolar952141  aSantiago fiesta952142  aOfrenda a la madre tierra952143  aVarayoq o Alcalde952144  aLas vías de comunicación952145  aClub estudiantes952146  aLos Saywas952147  aEl puente 952148  aInicio de trabajos 952149  2ddccLIBROS  ajmcsd22/01/2026  002ddc4070aSHbSHcCARTd2026-01-22eDonacióng20.00o307.0394 / C24pSH0000017048r2026-01-22yLIBROS